|
|
|
|
| LEADER |
00842cam a2200229 7i4500 |
| 001 |
0000003391 |
| 005 |
20171117090000.0 |
| 020 |
|
|
|a 9780135184738 (hbk.)
|
| 020 |
|
|
|a 0135184738 (hbk.)
|
| 090 |
0 |
0 |
|a TK5102.9
|b .S65 1998
|
| 100 |
1 |
|
|a Soliman, Samir S
|
| 245 |
1 |
0 |
|a Continuous and discrete signals and systems
|c Samir S. Soliman, Mandyam D. Srinath.
|
| 250 |
|
|
|a 2nd ed.
|
| 260 |
|
|
|a Upper Saddle River, NJ:
|b Prentice Hall,
|c 1998.
|
| 300 |
|
|
|a xvii, 525 p.:
|b ill.;
|c 25 cm.
|
| 490 |
0 |
|
|a Prentice Hall information and system sciences series
|
| 650 |
0 |
0 |
|a Transformations (Mathematics)
|
| 650 |
0 |
0 |
|a Signal theory (Telecommunication)
|
| 650 |
0 |
0 |
|a System analysis
|
| 700 |
1 |
|
|a Srinath, Mandyam D
|
| 997 |
|
|
|a Engineering & Life Sciences, Faculty
|b Engineering, Department
|
| 999 |
|
|
|a 0000005659
|b BOK
|c OPEN SHELF
|e 1st Floor, Bestari Jaya
|